पत्रकारिता ज्ञानकोश (Record no. 3604)
[ view plain ]
| 000 -LEADER | |
|---|---|
| fixed length control field | 01056 a2200217 4500 |
| 005 - DATE AND TIME OF LATEST TRANSACTION | |
| control field | 20080911163512.0 |
| 008 - FIXED-LENGTH DATA ELEMENTS--GENERAL INFORMATION | |
| fixed length control field | 080911t xxu||||| |||| 00| 0 hin d |
| 010 ## - LIBRARY OF CONGRESS CONTROL NUMBER | |
| LC control number | HIN-79762 |
| 020 ## - INTERNATIONAL STANDARD BOOK NUMBER | |
| International Standard Book Number | 8187818786 |
| Terms of availability | 595.00 |
| 035 ## - SYSTEM CONTROL NUMBER | |
| System control number | HN-52108 |
| 037 ## - SOURCE OF ACQUISITION | |
| Source of stock number/acquisition | D.B.Act / pub |
| 082 ## - DEWEY DECIMAL CLASSIFICATION NUMBER | |
| Classification number | 070.1 |
| 100 ## - MAIN ENTRY--PERSONAL NAME | |
| Personal name | गोठी, ऋतु |
| 245 ## - TITLE STATEMENT | |
| Title | पत्रकारिता ज्ञानकोश |
| Statement of responsibility, etc | ऋतु गोठी |
| 246 ## - VARYING FORM OF TITLE | |
| Title proper/short title | Patrakarita Gyankosh |
| Remainder of title | by Ritu Gothi |
| 260 ## - PUBLICATION, DISTRIBUTION, ETC. (IMPRINT) | |
| Place of publication, distribution, etc | नई दिल्ली |
| Name of publisher, distributor, etc | लक्ष्य पब्लिकेशन्स |
| Date of publication, distribution, etc | 2004 |
| 270 ## - ADDRESS | |
| Address | 4264/3, अंसारी रोड, दरियागंज |
| City | नई दिल्ली |
| Postal code | 110002 |
| Telephone number | 23290142 |
| Electronic mail address | Lakshaythani@hotmail.com |
| 300 ## - PHYSICAL DESCRIPTION | |
| Extent | 102पृ |
| Dimensions | 22 सेमी (सजिल्द) |
| 942 ## - ADDED ENTRY ELEMENTS (KOHA) | |
| Institution code [OBSOLETE] | dpl |
| Koha item type | Hindi Books |
| Call number prefix | 070.1 / गोठीऋ |
| Source of classification or shelving scheme | Dewey Decimal Classification |
| Classification part | 070.1 |
| Call number suffix | गोठीऋ |
| Withdrawn status | Lost status | Damaged status | Not for loan | Home library | Current library | Date acquired | Cost, normal purchase price | Total Checkouts | Full call number | Barcode | Date last seen | Copy number | Uniform Resource Identifier | Cost, replacement price | Price effective from | Koha item type |
|---|---|---|---|---|---|---|---|---|---|---|---|---|---|---|---|---|
| D.B.Act.Division | D.B.Act.Division | 11/09/2008 | 595.00 | 070.1 गोठीऋ | HN-52108 | 15/09/2008 | 1 | 3838 | 595.00 | 15/09/2008 | Hindi Books |
